书目信息 |
| 题名: |
大学生思想道德修养与法律基础
|
|
| 作者: | 楼锡锦 , 石华琴 主编 | |
| 分册: | ||
| 出版信息: | 杭州 浙江大学出版社 2005.07 |
|
| 页数: | 11, 486页 | |
| 开本: | 21cm | |
| 丛书名: | ||
| 单 册: | ||
| 中图分类: | G641.6 , D920.4 | |
| 科图分类: | ||
| 主题词: | 法律--fa lu--高等学校--中国--教材 , 思想修养--si xiang xiu yang--高等学校--教材 | |
| 电子资源: | ||
| ISBN: | 7-308-04368-1 | |
| 000 | 00929nam0 2200265 450 | |
| 001 | 012006376921 | |
| 005 | 20060418082703.07 | |
| 010 | @a7-308-04368-1@dCNY26.00 | |
| 100 | @a20060418d2005 km y0chiy0120 ea | |
| 101 | 0 | @achi |
| 102 | @aCN@b330000 | |
| 105 | @ay z 000yy | |
| 200 | 1 | @a大学生思想道德修养与法律基础@Ada xue sheng si xiang dao de xiu yang yu fa lu ji chu@f楼锡锦, 石华琴主编@Flou xi jin,shi hua qin zhu bian |
| 210 | @a杭州@c浙江大学出版社@d2005.07 | |
| 215 | @a11, 486页@d21cm | |
| 330 | @a本书主要内容包括:适应大学生活,培养优良学风,把握生命意义,升华爱的境界,注重心理健康等。 | |
| 333 | @a高等学校学生 | |
| 606 | 0 | @a法律@Afa lu@x高等学校@y中国@j教材 |
| 606 | 0 | @a思想修养@Asi xiang xiu yang@x高等学校@j教材 |
| 690 | @aG641.6@v4 | |
| 690 | @aD920.4@v4 | |
| 701 | 0 | @a楼锡锦@Alou xi jin@4主编 |
| 701 | 0 | @a石华琴@Ashi hua qin@4主编 |
| 801 | 0 | @aCN@bQSSK@c20060418 |
| 905 | @a10447@dG641.6@eL777 | |
| 大学生思想道德修养与法律基础/楼锡锦, 石华琴主编.-杭州:浙江大学出版社,2005.07 |
| 11, 486页;21cm |
| 使用对象:高等学校学生 |
| ISBN 7-308-04368-1:CNY26.00 |
| 本书主要内容包括:适应大学生活,培养优良学风,把握生命意义,升华爱的境界,注重心理健康等。 |
| ● |
| 相关链接 |
|
|
|
正题名:大学生思想道德修养与法律基础
索取号:G641.6/L777
 
预约/预借
| 序号 | 登录号 | 条形码 | 馆藏地/架位号 | 状态 | 备注 |
| 1 | 558231 | 205582314 | 社科库409/409社科库 10排4列1层/ [索取号:G641.6/L777] | 在馆 | |
| 2 | 558232 | 205582323 | 社科库409/409社科库 10排4列1层/ [索取号:G641.6/L777] | 在馆 | |
| 3 | 558233 | 205582332 | 社科库409/409社科库 10排4列1层/ [索取号:G641.6/L777] | 在馆 |